000 00824nam a2200277Ia 4500
003 OSt
005 20221006144823.0
006 a|||||r|||| 00| 0
007 ta
008 221006b |||||||| |||| 00| 0 eng d
020 _a9781858982533
_c
_ 400.00 (each)
024 _a12,834
037 _cTextual
040 _aEASL
_cEASL
_beng
041 _2eng
_aeng
082 _aV41:19495.N94, N5.
100 _aRAVENHILL John Ed.
245 0 _aChina, Korea an Taiwan
260 _aAldershot
_bElgar Reference Collection UK
_c1995
300 _a597+619p.
_ccm.
490 _v V.2KEL
_aThe Political Economy of East Asia 2
650 _a KEL
650 _aKorea - China - Taiwan - Economic Policy
_9652968
942 _hV41:19495.N94, N5.
_cTEXL
_2CC
999 _c1080920
_d1080920